Land reforms in India : (Record no. 136489)
[ view plain ]
| 000 -LEADER | |
|---|---|
| fixed length control field | 00665nam a2200205 4500 |
| 010 ## - LIBRARY OF CONGRESS CONTROL NUMBER | |
| LC control number | A-687814 |
| 020 ## - INTERNATIONAL STANDARD BOOK NUMBER | |
| International Standard Book Number | 0803991193 |
| 035 ## - SYSTEM CONTROL NUMBER | |
| System control number | A-687814 |
| 037 ## - SOURCE OF ACQUISITION | |
| Source of stock number/acquisition | Cen Lib / Ret |
| 040 ## - CATALOGING SOURCE | |
| Original cataloging agency | DPL |
| Language of cataloging | EN |
| 082 ## - DEWEY DECIMAL CLASSIFICATION NUMBER | |
| Classification number | 333.31 |
| Item number | YUG |
| 245 ## - TITLE STATEMENT | |
| Title | Land reforms in India : |
| Remainder of title | Bihar -- institutional constraints / |
| Statement of responsibility, etc | edited by B. N. Yugandhar [and] K. Gopal Iyer |
| 260 ## - PUBLICATION, DISTRIBUTION, ETC. (IMPRINT) | |
| Place of publication, distribution, etc | New Delhi |
| Name of publisher, distributor, etc | Sage Publications |
| Date of publication, distribution, etc | 1993 |
| 270 ## - ADDRESS | |
| Address | 2455 Teller Road |
| City | Newbury Park , California |
| 300 ## - PHYSICAL DESCRIPTION | |
| Extent | v 1.362 |
| Other physical details | 24cm(Hb) |
| 505 ## - FORMATTED CONTENTS NOTE | |
| Formatted contents note | v 1 Bihar -Institutional Constraiants |
| 700 ## - ADDED ENTRY--PERSONAL NAME | |
| Personal name | Yogandhar, B. N. |
| 700 ## - ADDED ENTRY--PERSONAL NAME | |
| Personal name | Iyer, K. Gopal |
| 942 ## - ADDED ENTRY ELEMENTS (KOHA) | |
| Source of classification or shelving scheme | Dewey Decimal Classification |
| Koha item type | English Books |
| Classification part | 333.3154 |
| Call number suffix | YUG |
| Withdrawn status | Lost status | Materials specified (bound volume or other part) | Damaged status | Not for loan | Home library | Current library | Date acquired | Source of acquisition | Total Checkouts | Full call number | Barcode | Date last seen | Price effective from | Koha item type | Public note |
|---|---|---|---|---|---|---|---|---|---|---|---|---|---|---|---|
| Written off | v 1 | Central Library | Central Library | 03/03/2016 | Cen Lib/Ret | 333.31 YUG | A-687814 | 03/03/2016 | 03/03/2016 | English Books | W/d list no. 6820/8 |
